| 000 | 00541nam a2200217 a 4500 | ||
|---|---|---|---|
| 001 | BRCA_3570 | ||
| 005 | 20190320204334.0 | ||
| 008 | 040809s1961----nyu#---###---#000-0#eng-# | ||
| 041 | _aeng | ||
| 044 | _anyu | ||
| 050 | 4 |
_aPZ4 _b.H37 1961 |
|
| 100 | 1 |
_aHarris, Larry M. _99269 |
|
| 245 | 1 | 0 |
_aThe protector _cLarry M. Harris. |
| 260 |
_aNew York _bRandom House _c1961 |
||
| 300 |
_a174 p. _c21 cm. |
||
| 440 | 0 |
_aA Random House mystery _99270 |
|
| 500 | _aB238 | ||
| 650 | 1 | 4 |
_aNovelas policĂacas _9877 |
| 902 | _aGFM | ||
| 942 |
_2lcc _cB |
||
| 999 |
_c3305 _d3305 |
||